Sports Quiz

Random Sports or Baseball Quiz

President by Opening Day Toss Quiz Stats

Quiz Updated Apr 1, 2013

Challenge
Share
Tweet
Score 0/18 Timer 04:00
0 Plays Today
% Correct
Barack Obama
99.7%
George Bush
96%
Ronald Reagan
96%
John F. Kennedy
95.2%
George H.W. Bush
93.5%
Bill Clinton
92.6%
Jimmy Carter
88.4%
Franklin D. Roosevelt
84.2%
Dwight D. Eisenhower
79.6%
% Correct
Richard Nixon
78.9%
Gerald Ford
76.8%
William Taft
68.6%
Harry S. Truman
68.1%
Lyndon Johnson
63.1%
Woodrow Wilson
59.8%
Herbert Hoover
57.9%
Calvin Coolidge
52.1%
Warren G. Harding
49.2%

You're not logged in!

Compare scores with friends on all Sporcle quizzes.
Join for Free
OR
Log In

You Might Also Like...

Show Comments

Extras

Top Quizzes Today


Score Distribution

Your Account Isn't Verified!

In order to create a playlist on Sporcle, you need to verify the email address you used during registration. Go to your Sporcle Settings to finish the process.

Report this User

Report this user for behavior that violates our Community Guidelines.

Details: